00489 2200193 4500001002100000005001500021035002000036008004100056245006100097100001300158250000600171260004700177300001100224084001400235082000800249650001400257990001200271990001200283INLIS00000000000026520240503072913 a0010-0424000241240503 0 ind 1 aStrategi Jitu Menjuarai OSN Geografi Jilid 2 /cTIM LOPI aTIM LOPI a1 aJakarta :bPT. Bina Prestasi Insani,c2017 a182 hm a900 TIM s a900 4aNon Fiksi a0732366 a0732367